Historical figures #4 - Statistics

General Stats
  • This quiz has been taken 68 times
  • The average score is 8 of 20
Answer Stats
Picture Answer % Correct
Adolf Hitler
98%
Joan of Arc
83%
Benjamin Franklin
79%
Louis Armstrong
77%
Harry Truman
66%
Yasser Arafat
55%
Nikita Khrushchev
51%
Galileo Galilei
45%
Golda Meir
43%
Kim Il-sung
38%
Gamal Abdel Nasser
34%
Ingrid Bergman
32%
Pablo Picasso
28%
Franz Joseph
23%
Josip Broz Tito
23%
Jerome David Salinger
9%
France Prešeren
2%
Giuseppe Mazzini
2%
Miguel Hidalgo
2%
Tomaš Masaryk
0%
No matching quizzes found
Score Distribution
Percent of People with Each Score
Percentile by Number Answered
Your Score History
You have not taken this quiz